000 00532nam a22001937a 4500
005 20260514130817.0
008 260514b |||||||| |||| 00| 0 eng d
020 _a9789355320940
_c1020.00
040 _aMAIN
041 _aEnglish
082 _a004.6
_bFOR
100 _aForouzan, Behrouz A.
245 _aData Communications and Networking
_b: With TCP/IP Protocol Suite
250 _a6th
260 _aChennai
_bMcGraw Hill Education
_c2022
300 _a834
650 _aComputer Science (PM (USHA)
_926808
942 _cBK
999 _c60800
_d60800